Keď manažér nevie, že nevie internet je zárodkom globálnej informačnej infraštruktúry
Široké využitie internetu v obchode. Základné služby internetu. Strategická úloha informácií o vonkajšom a vnútornom prostredí firmy. Tri úrovne manažmentu vo väčších obchodných spoločnostiach. Technológie informačného systému firmy sprístupňujúce podklady každému stupňu manažmentu firmy: systémy sp...
Guardado en:
| Autor principal: | |
|---|---|
| Formato: | Capítulo de libro |
| Lenguaje: | eslovaco |
| Materias: | |
| Etiquetas: |
Sin Etiquetas, Sea el primero en etiquetar este registro!
|
MARC
| LEADER | 00000naa a2200000 4500 | ||
|---|---|---|---|
| 001 | r034174 | ||
| 005 | 20230824100336.2 | ||
| 041 | 0 | |a slo | |
| 044 | |a SK | ||
| 245 | 1 | 0 | |a Keď manažér nevie, že nevie |b internet je zárodkom globálnej informačnej infraštruktúry |c Dušan Čunderlík |
| 520 | |a Široké využitie internetu v obchode. Základné služby internetu. Strategická úloha informácií o vonkajšom a vnútornom prostredí firmy. Tri úrovne manažmentu vo väčších obchodných spoločnostiach. Technológie informačného systému firmy sprístupňujúce podklady každému stupňu manažmentu firmy: systémy spracovania transakcií (TPS), manažérske inf. sys. (MIS), rozhodovacie podporné sys. (DSS), kancelárske automatizované sys. (OAS) a exekutívne podporné sys. (EIS). Úloha informácií v práci manažéra. Vlastnosti kvalitného informačného systému firmy. | ||
| 610 | 2 | 0 | |a systémy informačné podnikové |
| 610 | 2 | 0 | |a systémy informačné riadiace |
| 610 | 2 | 0 | |a systémy podporné rozhodovacie |
| 610 | 2 | 0 | |a spoločnosti obchodné |
| 610 | 2 | 0 | |a manažment |
| 610 | 2 | 0 | |a informácie |
| 610 | 2 | 0 | |a systémy informačné manažérske |
| 610 | 2 | 0 | |a systémy informačné exekutívne |
| 610 | 2 | 0 | |a systémy podporné rozhodovacie |
| 610 | 2 | 0 | |a TPS |
| 610 | 2 | 0 | |a OAS |
| 610 | 2 | 0 | |a internet |
| 100 | 1 | |a Čunderlík, Dušan | |